[Event "Ferrol op 32th"]
[Site "Ferrol"]
[Date "2017.07.23"]
[Round "8"]
[White "Perez Carballo, David"]
[Black "Vargas Diaz, Antonio"]
[Result "1-0"]
[WhiteElo "2029"]
[BlackElo "1864"]
[PlyCount "54"]
[EventDate "2017.07.16"]
[EventType "swiss"]
[EventRounds "9"]
[EventCountry "ESP"]
[SourceTitle "EXT 2024"]
[Source "ChessBase"]
[SourceDate "2023.10.10"]
[SourceVersion "1"]
[SourceVersionDate "2023.10.10"]
[SourceQuality "1"]

1. d4 d5 2. c4 Nf6 3. Nf3 c6 4. e3 e6 5. Nbd2 Nbd7 6. Bd3 Qc7 7. 0-0 Be7 8. e4 dxe4 9. Nxe4 0-0 10. Re1 e5 11. dxe5 Nxe5 12. Bf4 Nxf3+ 13. Qxf3 Qa5 14. Nxf6+ Bxf6 15. Bd6 Rd8 16. Qe4 g6 17. Qe8+ Kg7 18. Bf8+ Kg8 19. Bb4+ Rxe8 20. Rxe8+ Kg7 21. Bxa5 Bxb2 22. Rd1 b6 23. Be1 Bg4 24. Rxa8 Bxd1 25. Rxa7 Bd4 26. Rd7 Bc5 27. Bc3+ Kf8 1-0

[Event "Ferrol op 32th"]
[Site "Ferrol"]
[Date "2017.07.22"]
[Round "7"]
[White "Blanco Dans, Manuel"]
[Black "Perez Carballo, David"]
[Result "0-1"]
[WhiteElo "1763"]
[BlackElo "2029"]
[PlyCount "110"]
[EventDate "2017.07.16"]
[EventType "swiss"]
[EventRounds "9"]
[EventCountry "ESP"]
[SourceTitle "EXT 2024"]
[Source "ChessBase"]
[SourceDate "2023.10.10"]
[SourceVersion "1"]
[SourceVersionDate "2023.10.10"]
[SourceQuality "1"]

1. e4 e6 2. d4 d5 3. e5 c5 4. c3 Qb6 5. Nf3 Nc6 6. a3 Bd7 7. b4 cxd4 8. cxd4 Rc8 9. Bb2 Na5 10. Nc3 Nh6 11. Na4 Bxa4 12. Qxa4+ Nc6 13. Bd3 Be7 14. 0-0 0-0 15. Rfe1 f6 16. Rad1 fxe5 17. dxe5 Nf5 18. Re2 a6 19. Bc2 Qa7 20. Bxf5 Rxf5 21. Nd4 Nxd4 22. Bxd4 b5 23. Rc2 Qb7 24. Qb3 Rc4 25. g3 Rf8 26. Rcd2 Qc7 27. Qd3 a5 28. bxa5 Qxa5 29. Bb2 Rfc8 30. Re2 Ra4 31. Rb1 Rac4 32. Rd1 Qc7 33. Rdd2 Qa7 34. Rc2 Rxc2 35. Rxc2 Rc4 36. Re2 Qa4 37. Kg2 Qa6 38. Rc2 Qc6 39. Re2 Bc5 40. Kg1 Qa6 41. Rc2 Qa4 42. Re2 Bd4 43. Bxd4 Rxd4 44. Qf3 Qd1+ 45. Kg2 Qd3 46. Re3 Qg6 47. Rc3 h6 48. Rb3 Re4 49. Rxb5 Rxe5 50. a4 Rf5 51. Qe3 Qf7 52. Rb6 e5 53. a5 d4 54. Qd2 Qd5+ 55. Kg1 Rf3 0-1

[Event "Ferrol op 32th"]
[Site "Ferrol"]
[Date "2017.07.19"]
[Round "4"]
[White "Perez Carballo, David"]
[Black "Gonzalez Taboada, Lorenzo"]
[Result "1-0"]
[WhiteElo "2029"]
[BlackElo "1295"]
[PlyCount "79"]
[EventDate "2017.07.16"]
[EventType "swiss"]
[EventRounds "9"]
[EventCountry "ESP"]
[SourceTitle "EXT 2024"]
[Source "ChessBase"]
[SourceDate "2023.10.10"]
[SourceVersion "1"]
[SourceVersionDate "2023.10.10"]
[SourceQuality "1"]

1. d4 Nf6 2. Nc3 d6 3. e4 Nbd7 4. Bc4 g6 5. Be3 Bg7 6. Qd2 0-0 7. Bh6 e5 8. Bxg7 Kxg7 9. Nge2 Re8 10. f3 c6 11. a4 Nb6 12. Bb3 c5 13. dxe5 dxe5 14. a5 Qxd2+ 15. Kxd2 Nbd7 16. Rhd1 Nf8 17. Nd5 Rd8 18. Ke3 Nxd5+ 19. Bxd5 Ne6 20. a6 Rb8 21. axb7 Bxb7 22. Bxe6 Rxd1 23. Rxd1 fxe6 24. Rd7+ Kh6 25. b3 c4 26. bxc4 Ba6 27. Rxa7 Bxc4 28. Rc7 Rb4 29. Rc5 Bxe2 30. Kxe2 Kg7 31. Rxe5 Kf6 32. Ra5 h5 33. Ra1 Rc4 34. Kd3 Rc6 35. c4 e5 36. Rc1 Ke6 37. c5 Rc7 38. Kc4 Ra7 39. Rc2 Re7 40. Rd2 1-0

[Event "Ferrol op 32th"]
[Site "Ferrol"]
[Date "2017.07.18"]
[Round "3"]
[White "Casares Cabanas, Carlos"]
[Black "Perez Carballo, David"]
[Result "1-0"]
[WhiteElo "2079"]
[BlackElo "2029"]
[PlyCount "63"]
[EventDate "2017.07.16"]
[EventType "swiss"]
[EventRounds "9"]
[EventCountry "ESP"]
[SourceTitle "EXT 2024"]
[Source "ChessBase"]
[SourceDate "2023.10.10"]
[SourceVersion "1"]
[SourceVersionDate "2023.10.10"]
[SourceQuality "1"]

1. e4 e6 2. d4 d5 3. Nc3 dxe4 4. Nxe4 Bd7 5. Nf3 Bc6 6. Ng3 Nd7 7. Bd3 Ngf6 8. 0-0 Be7 9. Re1 0-0 10. c3 Re8 11. Bf4 Bxf3 12. Qxf3 c6 13. Rad1 Qb6 14. Bc1 Rad8 15. Bc2 Bf8 16. Ne4 Nxe4 17. Rxe4 Nf6 18. Rh4 Qa5 19. Re1 e5 20. Bxh7+ Nxh7 21. Qh5 f6 22. Qxh7+ Kf7 23. Rg4 Ke6 24. h3 Kd7 25. Qf5+ Kc7 26. dxe5 Kb8 27. Rge4 fxe5 28. Bg5 Rd5 29. Qf7 Rc8 30. c4 Bb4 31. cxd5 Bxe1 32. d6 1-0

[Event "Ferrol op 31th"]
[Site "Ferrol"]
[Date "2016.07.27"]
[Round "9"]
[White "Santos Latasa, Jaime"]
[Black "Perez Carballo, David"]
[Result "1-0"]
[WhiteElo "2541"]
[BlackElo "1980"]
[PlyCount "55"]
[EventDate "2016.07.18"]
[EventType "swiss"]
[EventRounds "9"]
[EventCountry "ESP"]
[SourceTitle "EXT 2024"]
[Source "ChessBase"]
[SourceDate "2023.10.10"]
[SourceVersion "1"]
[SourceVersionDate "2023.10.10"]
[SourceQuality "1"]

1. d4 e6 2. c4 b6 3. a3 Nf6 4. Nc3 Bb7 5. d5 a5 6. g3 Bc5 7. Bg2 0-0 8. Nf3 d6 9. 0-0 Nbd7 10. Rb1 exd5 11. b4 Bxf2+ 12. Rxf2 dxc4 13. Qc2 Re8 14. b5 Nc5 15. Ng5 Bxg2 16. Kxg2 d5 17. Rxf6 Qxf6 18. Qxh7+ Kf8 19. Qh8+ Ke7 20. Nxd5+ Kd6 21. Nxf6 Rxh8 22. Nxf7+ Ke6 23. Nxh8 Kxf6 24. Bb2+ Kf5 25. Nf7 Ke4 26. Ne5 Re8 27. Nxc4 Kd5 28. Ne5 1-0

[Event "Ferrol op 31th"]
[Site "Ferrol"]
[Date "2016.07.23"]
[Round "6"]
[White "Perez Carballo, David"]
[Black "Rey Malde, Henrique"]
[Result "1-0"]
[WhiteElo "1980"]
[BlackElo "2102"]
[PlyCount "113"]
[EventDate "2016.07.18"]
[EventType "swiss"]
[EventRounds "9"]
[EventCountry "ESP"]
[SourceTitle "EXT 2024"]
[Source "ChessBase"]
[SourceDate "2023.10.10"]
[SourceVersion "1"]
[SourceVersionDate "2023.10.10"]
[SourceQuality "1"]

1. d4 Nf6 2. Nf3 c5 3. e3 e6 4. c4 d5 5. Nc3 Nc6 6. Bd3 Be7 7. 0-0 0-0 8. b3 b6 9. Bb2 dxc4 10. bxc4 Bb7 11. d5 exd5 12. cxd5 Nb4 13. e4 Nxd3 14. Qxd3 Re8 15. Rfe1 Qd7 16. Ne5 Qd8 17. Rad1 Rc8 18. Nc4 Nd7 19. e5 Ba6 20. a4 Bf8 21. Nb5 Qh4 22. Re3 h6 23. Rde1 Bxb5 24. axb5 Red8 25. Re4 Qh5 26. R1e3 a6 27. Rh3 Qg6 28. Rg3 Qh7 29. bxa6 b5 30. Nd6 c4 31. Qf3 Bxd6 32. exd6 c3 33. Bxc3 f6 34. h3 Rxc3 35. Qxc3 Qxe4 36. Qc7 Qe1+ 37. Kh2 Qe8 38. Re3 Ne5 39. f4 Ng4+ 40. hxg4 Qxe3 41. Qxd8+ Kh7 42. Qe7 Qxf4+ 43. Kh3 h5 44. gxh5 f5 45. d7 Qg4+ 46. Kh2 Qf4+ 47. Kg1 Qd4+ 48. Kf1 Qd3+ 49. Qe2 Qxd5 50. a7 b4 51. Qf3 Qc4+ 52. Kg1 Qd4+ 53. Kh2 Qh4+ 54. Qh3 Qd8 55. Qxf5+ Kh8 56. Qe4 Qc7+ 57. g3 1-0

[Event "Ourense Campus 2nd"]
[Site "Ourense"]
[Date "2015.07.08"]
[Round "4.9"]
[White "Perez Carballo, David"]
[Black "Sande Edreira, Jose Antonio"]
[Result "1/2-1/2"]
[WhiteElo "1930"]
[BlackElo "2277"]
[PlyCount "116"]
[EventDate "2015.07.06"]
[EventType "swiss"]
[EventRounds "9"]
[EventCountry "ESP"]
[SourceTitle "EXT 2024"]
[Source "ChessBase"]
[SourceDate "2023.10.10"]
[SourceVersion "1"]
[SourceVersionDate "2023.10.10"]
[SourceQuality "1"]

1. f4 g6 2. Nf3 Bg7 3. g3 c5 4. Bg2 Nc6 5. 0-0 d6 6. d3 e5 7. e4 Nge7 8. c3 0-0 9. Be3 exf4 10. gxf4 b6 11. d4 Ba6 12. Re1 Rc8 13. Na3 cxd4 14. Nxd4 Nxd4 15. Bxd4 Bxd4+ 16. Qxd4 Nc6 17. Qd2 Qh4 18. Rad1 Rfd8 19. Nc2 Bb7 20. Qf2 Qxf2+ 21. Kxf2 Kf8 22. Nd4 Nxd4 23. Rxd4 f6 24. Red1 Ke7 25. e5 fxe5 26. fxe5 Bxg2 27. exd6+ Kd7 28. Kxg2 Rc6 29. Rf1 Rxd6 30. Rf7+ Ke6 31. Rxd6+ Rxd6 32. Rxh7 Rd2+ 33. Kg3 a5 34. b3 Rd3+ 35. Kg4 Rxc3 36. Rb7 Rc6 37. Kg5 Kd5 38. h4 Kd4 39. Rg7 Rc2 40. Rd7+ Ke5 41. Kxg6 Rxa2 42. Rb7 a4 43. bxa4 Rxa4 44. h5 Rg4+ 45. Kh7 Kf6 46. h6 Rg1 47. Rxb6+ Kf7 48. Rb7+ Kf8 49. Rg7 Ra1 50. Rg4 Ra7+ 51. Kh8 Rf7 52. Rg8+ Ke7 53. Rg7 Kf8 54. Kh7 Rf1 55. Rg8+ Kf7 56. Ra8 Rg1 57. Kh8 Rg2 58. h7 Rg1 1/2-1/2